| 000 | 01072nam a2200253Ia 4500 | ||
|---|---|---|---|
| 003 | OSt | ||
| 005 | 20220923215350.0 | ||
| 006 | a|||||r|||| 00| 0 | ||
| 007 | ta | ||
| 008 | 220922b |||||||| |||| 00| 0 hin d | ||
| 024 | _a178,108 | ||
| 037 | _cTextual | ||
| 040 |
_aARTS _cARTS _bhin |
||
| 041 |
_2hin _ahin |
||
| 082 | _aO152,1I00:g, M6 | ||
| 100 |
_aस्नातक, विजयेन्द्र; स्नातक, विजयेन्द्र; मिश्र, रमेशचन्द्र, संपा. _9163788 |
||
| 245 | 0 | _aकबीर वचनामृत | |
| 246 | _aKabīr vachanāmṛuta | ||
| 260 |
_aदिल्ली _b नेशनल पब्लिक हाउस _c1986 |
||
| 300 |
_a173 पृ. _ccm. |
||
| 650 |
_aहिन्दी साहित्य _9156264 |
||
| 942 |
_hO152,1I00:g, M6 _cTEXL _2CC |
||
| 999 |
_c331490 _d331490 |
||